| 000 | 00778nam a2200205Ia 4500 | ||
|---|---|---|---|
| 999 |
_c31054 _d31054 |
||
| 003 | GCL | ||
| 005 | 20240530102254.0 | ||
| 008 | 140319s1992 le 000 0 ara d | ||
| 040 |
_aGCL / _cGCL |
||
| 082 | 0 | 4 |
_a956.905/ _bى ر |
| 100 | 0 | _aيزيد صايغ | |
| 245 | 1 | 0 |
_aرفض الهزيمة بدايات العمل المسلح فى الضفة والقطاع 1967 / _cيزيد صايغ |
| 260 |
_aبيروت : _bمؤسسة الدراسات الفلسطينية ، _c1992 |
||
| 300 |
_a81 ص. ؛ _c24سم. |
||
| 490 | 0 |
_aاوراق مؤسسة الدراسات الفلسطسينية ؛ _v24. |
|
| 650 | 0 | 7 |
_2qrmak _aالنزاع العربى الاسرائيلى |
| 650 | 0 | 7 |
_2qrmak _aالقضية الفلسطينية |
| 651 | 0 | 7 |
_2qrmak _aفلسطين |
| 942 |
_2ddc _cBK |
||